<?xml version="1.0" encoding="UTF-8"?>
<record
    xmlns:xsi="http://www.w3.org/2001/XMLSchema-instance"
    xsi:schemaLocation="http://www.loc.gov/MARC21/slim http://www.loc.gov/standards/marcxml/schema/MARC21slim.xsd"
    xmlns="http://www.loc.gov/MARC21/slim">

  <leader>01397aab a2200217   4500</leader>
  <controlfield tag="001">768714001</controlfield>
  <controlfield tag="003">CO-MdFUSB</controlfield>
  <controlfield tag="005">20240612104700.0</controlfield>
  <controlfield tag="008">170512s1996    cr ||||| |||| 00| 0 spa d</controlfield>
  <datafield tag="022" ind1=" " ind2=" ">
    <subfield code="a">1409-1968</subfield>
  </datafield>
  <datafield tag="040" ind1=" " ind2=" ">
    <subfield code="a">CO-MdFUSB</subfield>
    <subfield code="b">spa</subfield>
    <subfield code="c">CO-MdFUSB</subfield>
    <subfield code="d">CO-MdFUSB</subfield>
  </datafield>
  <datafield tag="041" ind1=" " ind2=" ">
    <subfield code="a">spa</subfield>
  </datafield>
  <datafield tag="100" ind1="1" ind2=" ">
    <subfield code="a">Lozano, Daniel (1965-)</subfield>
    <subfield code="e">autor</subfield>
  </datafield>
  <datafield tag="245" ind1="1" ind2="0">
    <subfield code="a">Salmo 19:10-14</subfield>
    <subfield code="c">/ Daniel Lozano </subfield>
  </datafield>
  <datafield tag="300" ind1=" " ind2=" ">
    <subfield code="a">Volumen 13. N&#xFA;mero 2 (1996), p&#xE1;gina 21</subfield>
    <subfield code="c">: 27 cm.</subfield>
  </datafield>
  <datafield tag="520" ind1=" " ind2=" ">
    <subfield code="a">La Biblia est&#xE1; bajo ataque. En el Salmo 19:10-14 David hace una descripci&#xF3;n de la Biblia, el dice que la ley de Jehov&#xE1; es de valor infinito porque:
Es la m&#xE1;s grande posesi&#xF3;n.
Es la fuente del m&#xE1;s grande placer.
Es la fuente de las m&#xE1;s grandes advertencias.
Provee la m&#xE1;s grande recompensa.
Provee la m&#xE1;s grande liberaci&#xF3;n.
Provee la m&#xE1;s grande purificaci&#xF3;n.
Produce el m&#xE1;s grande anhelo.

No dejemos pasar ni un solo d&#xED;a sin estudiar la Biblia, En ella encontraremos la m&#xE1;s preciosa posesi&#xF3;n, la fuente del verdadero placer, las advertencias que tanto necesitamos, las recompensas divinas, la forma para librarme del pecado, la orientaci&#xF3;n para evitar el pecado, y el anhelo a agradar a Dios en todo.</subfield>
  </datafield>
  <datafield tag="630" ind1="0" ind2="7">
    <subfield code="a">Biblia.</subfield>
    <subfield code="p">Salmos</subfield>
    <subfield code="x">Cr&#xED;tica, interpretaci&#xF3;n, etc.</subfield>
  </datafield>
  <datafield tag="773" ind1="0" ind2=" ">
    <subfield code="t">Apuntes Pastorales</subfield>
    <subfield code="0">49442</subfield>
    <subfield code="9">60177</subfield>
    <subfield code="g">Volumen 13. N&#xFA;mero 2 (1996), p&#xE1;gina 21</subfield>
    <subfield code="q">P&#xE1;gina 21</subfield>
  </datafield>
  <datafield tag="942" ind1=" " ind2=" ">
    <subfield code="c">ANA</subfield>
  </datafield>
  <datafield tag="945" ind1=" " ind2=" ">
    <subfield code="a">JTF-925</subfield>
  </datafield>
  <datafield tag="999" ind1=" " ind2=" ">
    <subfield code="c">53574</subfield>
    <subfield code="d">53574</subfield>
  </datafield>
</record>
